Cuentos folclóricos para niños: selección y análisis técnico

Guardat en:
Dades bibliogràfiques
Autor principal: Sepúlveda Llanos, Fidel (Autor)
Format: Llibre
Idioma:espanyol
Publicat: Santiago Andrés Bello 1997
Edició:4a. ed
Matèries:
Etiquetes: Afegir etiqueta
Sense etiquetes, Sigues el primer a etiquetar aquest registre!

MARC

LEADER 00000nam a2200000 a 4500
001 UCH6670
003 CL-VaPUC
008 091109e19970000CL |||||||||||||||||spa|d
020 |a 9561311208 
082 0 4 |a 808.61  |b SEP  |2 21 
100 0 |a Sepúlveda Llanos, Fidel  |e author  |9 543318 
245 1 0 |a Cuentos folclóricos para niños: selección y análisis técnico 
250 |a 4a. ed 
300 |a 282 p 
942 |c BK 
945 |d 20091109 00:00:00  |a lazolas 
260 |a Santiago  |b Andrés Bello  |c 1997 
650 7 |a CUENTOS POPULARES  |2 CL-VaPUC  |9 306606 
650 0 |a Cuentos infantiles  |9 308044 
583 |a last modification  |c 20091109 00:00:00  |k Rodrigo Vera 
999 |c 337519  |d 337517